Inventing arguments / (Record no. 22092)

MARC details
000 -LEADER
fixed length control field 01574cam a22003375a 4500
001 - CONTROL NUMBER
control field 16837005
005 - DATE AND TIME OF LATEST TRANSACTION
control field 20201128023759.0
008 - FIXED-LENGTH DATA ELEMENTS--GENERAL INFORMATION
fixed length control field 110621s2013 maua frb 001 0 eng d
010 ## - LIBRARY OF CONGRESS CONTROL NUMBER
LC control number 2011932605
020 ## - INTERNATIONAL STANDARD BOOK NUMBER
International Standard Book Number 0840027788
020 ## - INTERNATIONAL STANDARD BOOK NUMBER
International Standard Book Number 9780840027788
040 ## - CATALOGING SOURCE
Original cataloging agency DLC
Language of cataloging eng
Modifying agency EG-ScBUE
Transcribing agency DLC
042 ## - AUTHENTICATION CODE
Authentication code pcc
082 04 - DEWEY DECIMAL CLASSIFICATION NUMBER
Classification number 168
Edition number 22
Item number MAU
100 1# - MAIN ENTRY--PERSONAL NAME
Personal name Mauk, John‏.
9 (RLIN) 40591
245 10 - TITLE STATEMENT
Title Inventing arguments /
Statement of responsibility, etc John Mauk, John Metz.
250 ## - EDITION STATEMENT
Edition statement Brief 3rd ed., international ed.
260 ## - PUBLICATION, DISTRIBUTION, ETC. (IMPRINT)
Place of publication, distribution, etc Australia ;
-- Boston, Massachusetts :
Name of publisher, distributor, etc Wadsworth / Cengage Learning,
Date of publication, distribution, etc c.2013.
300 ## - PHYSICAL DESCRIPTION
Extent xxx, 466 p. :
Other physical details col. ill. ;
Dimensions 23 cm.
500 ## - GENERAL NOTE
General note Index : p. 462-466.
504 ## - BIBLIOGRAPHY, ETC. NOTE
Bibliography, etc Includes bibliographical references.
505 ## - FORMATTED CONTENTS NOTE
Formatted contents note Part I: ENTERING ARGUMENT -- Inventing Arguments -- Claims -- Support -- Opposition -- Hidden Layers -- Analyzing Argument -- Part II: INVENTING ARGUMENT -- Arguing Definitions -- Arguing Causes -- Arguing Value -- Arguing Crisis -- Arguing the Past -- Arguing the Future -- Part III: RESEARCH -- The Research Guide.
520 ## - SUMMARY, ETC.
Summary, etc Organized around common situations that you encounter daily, Inventing Arguments teaches you to recognize the rhetorical elements of any argumentative situation and use the tools of argument effectively in your own writing.
650 #7 - SUBJECT ADDED ENTRY--TOPICAL TERM
Topical term or geographic name as entry element Reasoning.
Source of heading or term BUEsh
9 (RLIN) 1072
650 #7 - SUBJECT ADDED ENTRY--TOPICAL TERM
Topical term or geographic name as entry element Critical thinking.
Source of heading or term BUEsh
9 (RLIN) 738
650 #7 - SUBJECT ADDED ENTRY--TOPICAL TERM
Topical term or geographic name as entry element Creative thinking.
Source of heading or term BUEsh
9 (RLIN) 7850
651 ## - SUBJECT ADDED ENTRY--GEOGRAPHIC NAME
Source of heading or term BUEsh
653 ## - INDEX TERM--UNCONTROLLED
Resource For college Law
Arrived date list August 2016
700 1# - ADDED ENTRY--PERSONAL NAME
Personal name Metz, John‏ ‎
Fuller form of name (John W.)‏.
9 (RLIN) 40592
942 ## - ADDED ENTRY ELEMENTS (KOHA)
Source of classification or shelving scheme Dewey Decimal Classification
Edition 22
Call number prefix 168 MAU
Holdings
Withdrawn status Item status Source of classification or shelving scheme Damaged status Not for loan Vendor Home library Current library Shelving location Date acquired Source of acquisition Cost, normal purchase price Serial Enumeration / chronology Total Checkouts Total Renewals Full call number Barcode Date last seen Date last borrowed Cost, replacement price Koha item type
    Dewey Decimal Classification     Baccah Central Library Central Library Lower Floor 01/08/2016 Purchase 330.00 26080 2 4 168 MAU 000033043 15/07/2025 12/10/2022 412.50 Book - Borrowing
    Dewey Decimal Classification     Baccah Central Library Central Library Lower Floor 01/08/2016 Purchase 330.00 26080 1 1 168 MAU 000033042 15/07/2025 09/03/2023 412.50 Book - Borrowing